Strategy for industrial development in the 80s (Record no. 1270489)

MARC details
000 -LEADER
fixed length control field 00541nam a2200181Ia 4500
005 - DATE AND TIME OF LATEST TRANSACTION
control field 20250326123701.0
008 - FIXED-LENGTH DATA ELEMENTS--GENERAL INFORMATION
fixed length control field 250326s9999 xx 000 0 und d
037 ## - SOURCE OF ACQUISITION
Stock number Textbook
040 ## - CATALOGING SOURCE
Original cataloging agency FMSL
Language of cataloging eng
Transcribing agency FMSL
041 ## - LANGUAGE CODE
Language code of text/sound track or separate title eng
Source of code eng
084 ## - COLON CLASSIFICATION NUMBER
Classification number X8(A):89ZB M1
Assigning agency FMSL
100 ## - MAIN ENTRY--PERSONAL NAME
Personal name Rangarajan C
245 #0 - TITLE STATEMENT
Title Strategy for industrial development in the 80s
Statement of responsibility, etc. Rangarajan C; Khurana Rakesh
260 ## - PUBLICATION, DISTRIBUTION, ETC.
Place of publication, distribution, etc. New Delhi
Name of publisher, distributor, etc. New Delhi, Oxford & IBH
Date of publication, distribution, etc. 1981
300 ## - PHYSICAL DESCRIPTION
Extent 242p
942 ## - ADDED ENTRY ELEMENTS (KOHA)
Koha item type Textbook
Classification part X8(A):89ZB M1
Holdings
Withdrawn status Lost status Damaged status Not for loan Home library Current library Date acquired Total Checkouts Full call number Barcode Date last seen Price effective from Koha item type
        Faculty of Management Library Faculty of Management Library 2025-03-26   X8(A):89ZB M1 ML1020607 2025-03-26 2025-03-26 Textbook
Copyright @ Delhi University Library System